[Event "4NCL Division 3"]
[Site "Daventry Court ENG"]
[Date "2015.05.03"]
[Round "10.116"]
[White "Lawson, Maurice E"]
[Black "Cooper, Lawrence H"]
[Result "0-1"]
[WhiteElo "1953"]
[BlackElo "2337"]
[PlyCount "185"]
[EventDate "2015.05.03"]
[WhiteTeam "BCM Rhinos [2]"]
[BlackTeam "Midland Monarchs 1"]

1. e4 e5 2. Nf3 Nc6 3. Bc4 Bc5 4. c3 Nf6 5. d3 a6 6. h3 d6 7. Bb3 Ba7 8. Nbd2
Be6 9. Nf1 h6 10. Ng3 d5 11. Qe2 O-O 12. Bc2 Re8 13. Bd2 b5 14. b3 a5 15. O-O
b4 16. Rac1 bxc3 17. Bxc3 d4 18. Bd2 Nd7 19. Bb1 Bc5 20. Nh2 Ne7 21. f4 exf4
22. Bxf4 Ng6 23. Qh5 Nxf4 24. Rxf4 Bd6 25. Rf3 Ne5 26. Rff1 Nxd3 27. Bxd3 Bxg3
28. Rf3 Bxh2+ 29. Kxh2 Qg5 30. Qxg5 hxg5 31. Rc5 Red8 32. Rf2 a4 33. Bc4 Bxc4
34. Rxc4 Rd7 35. Rd2 axb3 36. axb3 Rad8 37. Kg3 Kf8 38. Kf3 Ke7 39. Ke2 Rb8 40.
b4 Ra8 41. Rcxd4 Rxd4 42. Rxd4 Ra2+ 43. Kf3 Rc2 44. b5 Ke6 45. Rd5 f6 46. Rd3
Rc5 47. Rb3 Ke5 48. b6 cxb6 49. Rxb6 Rc3+ 50. Kf2 Kxe4 51. Rb4+ Ke5 52. Rb5+
Kd6 53. Rb7 Rc7 54. Rb6+ Kd5 55. Rb8 Rd7 56. Rb3 Ke6 57. Re3+ Kf7 58. Rf3 Rd2+
59. Kg1 g6 60. Re3 f5 61. Rg3 Kf6 62. Ra3 Rd4 63. Ra6+ Kg7 64. Ra7+ Kh6 65. Ra3
g4 66. hxg4 Rxg4 67. Rb3 Kg5 68. Ra3 Rd4 69. Rg3+ Kf6 70. Ra3 Rd5 71. Re3 Rd2
72. Kf1 g5 73. Kg1 Kg6 74. Rh3 Kf6 75. Re3 Rc2 76. Re8 Kg6 77. Rh8 f4 78. Rg8+
Kf5 79. Ra8 Rc1+ 80. Kf2 Rc2+ 81. Kg1 Kg4 82. Ra3 Re2 83. Kf1 Re3 84. Ra5 Kh4
85. Ra8 Kg3 86. Ra5 g4 87. Ra2 Rb3 88. Ra1 Rb2 89. Ra3+ f3 90. Ra1 Rf2+ 91. Kg1
Rxg2+ 92. Kh1 Rh2+ 93. Kg1 0-1

[Event "4NCL Division 3"]
[Site "Daventry Court ENG"]
[Date "2015.05.03"]
[Round "10.117"]
[White "Manelidou, Maria"]
[Black "Amato, Giampiero"]
[Result "1/2-1/2"]
[WhiteElo "2055"]
[BlackElo "1934"]
[PlyCount "99"]
[EventDate "2015.05.03"]
[WhiteTeam "Midland Monarchs 1"]
[BlackTeam "BCM Rhinos [2]"]

1. e4 e5 2. Nf3 Nf6 3. d4 Nxe4 4. Bd3 d5 5. dxe5 Nc5 6. Nc3 Be7 7. Nxd5 Nc6 8.
Nxe7 Qxe7 9. O-O Nxd3 10. Qxd3 Bd7 11. Bg5 Qe6 12. Rad1 h6 13. Bh4 g5 14. Bg3
O-O-O 15. a3 Rhg8 16. Qe3 Qg6 17. b4 Kb8 18. b5 Ne7 19. e6 Bxe6 20. Bxc7+ Kxc7
21. Qc5+ Kb8 22. Rxd8+ Rxd8 23. Qxe7 Rc8 24. Nd4 Bc4 25. Re1 Qb6 26. Nf5 Be6
27. Ne3 Qxb5 28. h3 Qc5 29. Qf6 Qc3 30. Qxc3 Rxc3 31. Ra1 Kc7 32. Kf1 Kc6 33.
Ke2 Rc5 34. Kd2 b6 35. c3 Kb5 36. Rb1+ Kc6 37. Nc2 Bd5 38. g3 Kd7 39. Rb4 Be6
40. h4 Rd5+ 41. Ke3 Re5+ 42. Kd2 Kc7 43. hxg5 hxg5 44. Nd4 Bd7 45. Rb1 Ra5 46.
Ra1 Kd6 47. Kc2 Kd5 48. Kb2 Kd6 49. Rh1 Re5 50. Rh8 1/2-1/2

[Event "4NCL Division 3"]
[Site "Daventry Court ENG"]
[Date "2015.05.03"]
[Round "10.118"]
[White "Jeffries, Majid"]
[Black "Devangi, Patankar"]
[Result "1/2-1/2"]
[WhiteElo "1993"]
[BlackElo "2100"]
[PlyCount "89"]
[EventDate "2015.05.03"]
[WhiteTeam "BCM Rhinos [2]"]
[BlackTeam "Midland Monarchs 1"]

1. c4 e6 2. d4 Nf6 3. Nf3 d5 4. Nc3 Be7 5. Bg5 O-O 6. e3 Nbd7 7. Bd3 c6 8. O-O
a6 9. cxd5 exd5 10. a4 Re8 11. Qc2 h6 12. Bh4 Nf8 13. Rfe1 Ne6 14. Ne5 c5 15.
dxc5 Nxc5 16. f4 Be6 17. f5 Bd7 18. Rad1 Bc6 19. Nxc6 bxc6 20. Be2 Qb6 21. Bf3
Rab8 22. Re2 Qb3 23. Bg3 Rb4 24. Rd4 Nfd7 25. Rxb4 Qxb4 26. Be1 Qc4 27. b4 Nd3
28. b5 axb5 29. axb5 Nxe1 30. Rxe1 Bb4 31. bxc6 Qxc6 32. Rc1 Rc8 33. Nxd5 Qxc2
34. Rxc2 Rxc2 35. Nxb4 Rb2 36. Nc6 Kf8 37. h3 Nb8 38. Nxb8 Rxb8 39. Kf2 Ke7 40.
Kg3 Kf6 41. Kf4 Rb4+ 42. Be4 Ra4 43. g4 Ra2 44. h4 Rf2+ 45. Bf3 1/2-1/2

[Event "4NCL Division 3"]
[Site "Daventry Court ENG"]
[Date "2015.05.03"]
[Round "10.119"]
[White "Dengler, Dijana"]
[Black "Kane, Robert (Bob) B"]
[Result "1-0"]
[WhiteElo "2070"]
[BlackElo "1888"]
[PlyCount "93"]
[EventDate "2015.05.03"]
[WhiteTeam "Midland Monarchs 1"]
[BlackTeam "BCM Rhinos [2]"]

1. d4 d5 2. Nf3 Nf6 3. e3 c5 4. b3 Nc6 5. Bb2 Bg4 6. Be2 Bxf3 7. Bxf3 cxd4 8.
exd4 Qb6 9. O-O e6 10. Re1 Be7 11. c4 O-O-O 12. c5 Qc7 13. a3 h5 14. b4 Ng4 15.
Bxg4 hxg4 16. g3 Rh3 17. Kg2 Rdh8 18. Rh1 f5 19. Qe1 e5 20. Nd2 exd4 21. b5 Ne5
22. Bxd4 Nf3 23. Nxf3 gxf3+ 24. Kxf3 R8h4 25. Qe6+ Qd7 26. Qxd7+ Kxd7 27. Bxg7
Bxc5 28. Kg2 Rh7 29. Bb2 f4 30. Be5 f3+ 31. Kxf3 Rxh2 32. Rxh2 Rxh2 33. Ra2 Rh1
34. a4 Re1 35. Bf4 a6 36. Rd2 d4 37. bxa6 bxa6 38. Be3 a5 39. Bxd4 Bb4 40. Bc3+
Kc6 41. Rc2 Bxc3 42. Rxc3+ Kd5 43. Rb3 Ra1 44. Rb5+ Kc6 45. Rxa5 Kb6 46. Rb5+
Kc6 47. Rb4 1-0

[Event "4NCL Division 3"]
[Site "Daventry Court ENG"]
[Date "2015.05.03"]
[Round "10.120"]
[White "Fowler, David W"]
[Black "Munshi, Aditya"]
[Result "1-0"]
[WhiteElo "1885"]
[BlackElo "1922"]
[PlyCount "67"]
[EventDate "2015.05.03"]
[WhiteTeam "BCM Rhinos [2]"]
[BlackTeam "Midland Monarchs 1"]

1. e4 e6 2. d4 d5 3. Nc3 Nf6 4. Bg5 Be7 5. e5 Nfd7 6. h4 Bxg5 7. hxg5 Qxg5 8.
Nh3 Qd8 9. Qg4 g6 10. Nf4 Nf8 11. Bd3 Bd7 12. Nh5 gxh5 13. Qg7 Ng6 14. Bxg6 Rf8
15. Bxh5 c5 16. O-O-O c4 17. Bf3 Bc6 18. Rxh7 Nd7 19. Bxd5 exd5 20. e6 Nf6 21.
exf7+ Kd7 22. Rh6 Ne4 23. Nxe4 dxe4 24. d5 Bb5 25. Qg4+ Kc7 26. d6+ Kb8 27. Qf4
Bd7 28. g4 b5 29. g5 Rxf7 30. Qxf7 Qxg5+ 31. Kb1 Qxh6 32. Qxd7 Qxd6 33. Rxd6 e3
34. Rc6 1-0

[Event "4NCL Division 3"]
[Site "Daventry Court ENG"]
[Date "2015.05.03"]
[Round "10.99"]
[White "Savage, Nicholas W"]
[Black "Stepanyan, Henrik"]
[Result "1/2-1/2"]
[WhiteElo "2072"]
[BlackElo "2072"]
[PlyCount "64"]
[EventDate "2015.05.03"]

1. c4 Nf6 2. d4 e5 3. dxe5 Ng4 4. Bf4 Nc6 5. Nf3 Bb4+ 6. Nbd2 Qe7 7. a3 Bxd2+
8. Qxd2 Ngxe5 9. Nxe5 Nxe5 10. e3 d6 11. Be2 O-O 12. O-O b6 13. Rfd1 Bb7 14. b4
a5 15. Qc3 Nd7 16. Bf1 Rfe8 17. Rac1 axb4 18. axb4 h6 19. Ra1 Nf6 20. h3 Ne4
21. Qb2 Ng5 22. Be2 Qe4 23. f3 Qg6 24. Kh2 Ne6 25. Bg3 h5 26. Bf2 Qf5 27. Bd3
Qg5 28. Rxa8 Bxa8 29. Ra1 Bc6 30. Ra7 Ra8 31. Rxa8+ Bxa8 32. Qc3 Bc6 1/2-1/2

[Event "4NCL Division 3"]
[Site "Daventry Court ENG"]
[Date "2015.05.03"]
[Round "10.99"]
[White "Page, Mark"]
[Black "Reynolds, D Ian W"]
[Result "1/2-1/2"]
[WhiteElo "2093"]
[BlackElo "2067"]
[PlyCount "40"]
[EventDate "2015.05.03"]

1. e4 e5 2. Bc4 Nf6 3. d4 exd4 4. Nf3 Nc6 5. e5 d5 6. Bb5 Ne4 7. Nxd4 Bc5 8.
O-O O-O 9. Bxc6 bxc6 10. f3 f6 11. fxe4 fxe5 12. Rxf8+ Qxf8 13. c3 exd4 14.
cxd4 Bg4 15. Qd3 Bb6 16. Be3 Qb4 17. Qc3 Qxc3 18. bxc3 dxe4 19. Nd2 Be2 20.
Nxe4 Re8 1/2-1/2

[Event "4NCL Division 3"]
[Site "Daventry Court ENG"]
[Date "2015.05.03"]
[Round "10.99"]
[White "Peters, John A"]
[Black "Baruch, Andy"]
[Result "1/2-1/2"]
[WhiteElo "1976"]
[BlackElo "2066"]
[PlyCount "37"]
[EventDate "2015.05.03"]

1. e4 Nf6 2. e5 Nd5 3. Nc3 Nxc3 4. dxc3 d5 5. c4 e6 6. Nf3 Nc6 7. Bg5 Be7 8.
Bxe7 Qxe7 9. Qd2 dxc4 10. Bxc4 Qb4 11. Qxb4 Nxb4 12. O-O-O Bd7 13. a3 Nc6 14.
Rd2 Ke7 15. Rhd1 Rad8 16. b4 a6 17. Bf1 Be8 18. Rxd8 Nxd8 19. Nd4 1/2-1/2

[Event "4NCL Division 3"]
[Site "Daventry Court ENG"]
[Date "2015.05.03"]
[Round "10.99"]
[White "Paterson, Andrew"]
[Black "Feavyour, John A"]
[Result "1-0"]
[WhiteElo "1986"]
[BlackElo "2013"]
[PlyCount "55"]
[EventDate "2015.05.03"]

1. e4 c5 2. Nf3 d6 3. d4 cxd4 4. Nxd4 Nf6 5. Nc3 a6 6. Bc4 e6 7. Bb3 Nbd7 8. f4
Nc5 9. f5 Nxb3 10. axb3 Be7 11. O-O O-O 12. g4 Bd7 13. g5 Ne8 14. Qh5 Qb6 15.
Be3 exf5 16. Nxf5 Qd8 17. Nd5 Bxf5 18. exf5 g6 19. Qh6 gxf5 20. Rf3 f6 21. g6
hxg6 22. Bb6 Qd7 23. Re1 Rf7 24. Rh3 Rg7 25. Qh8+ Kf7 26. Rxe7+ Qxe7 27. Nxe7
Kxe7 28. Rh7 1-0

[Event "4NCL Division 3"]
[Site "Daventry Court ENG"]
[Date "2015.05.03"]
[Round "10.99"]
[White "Collins, Jonathan L"]
[Black "Webster, Paul"]
[Result "0-1"]
[WhiteElo "1922"]
[BlackElo "1970"]
[PlyCount "120"]
[EventDate "2015.05.03"]

1. d4 Nf6 2. e3 d5 3. Nd2 Bg4 4. Ngf3 e6 5. c4 Be7 6. Qb3 Qc8 7. Ne5 Bf5 8. Be2
O-O 9. cxd5 exd5 10. g4 Be6 11. g5 Ne4 12. h4 c5 13. Nxe4 dxe4 14. d5 Bf5 15.
Bd2 a6 16. a4 Nd7 17. Nxd7 Qxd7 18. Bc3 b5 19. h5 c4 20. Qd1 f6 21. Rg1 fxg5
22. axb5 axb5 23. Rxa8 Rxa8 24. d6 Qxd6 25. Qxd6 Bxd6 26. Rxg5 g6 27. hxg6 hxg6
28. Bg4 Be7 29. Bxf5 Bxg5 30. Bxg6 Be7 31. Bxe4 Ra1+ 32. Ke2 Ra6 33. Bd5+ Kf8
34. Bd4 Rh6 35. Kf3 Ke8 36. Ke4 Bf6 37. Bc6+ Kf8 38. Bxb5 Rh4+ 39. f4 Bxd4 40.
Kxd4 Rh2 41. Kxc4 Rxb2 42. e4 Ke7 43. Ba6 Rf2 44. f5 Kd6 45. Kd4 Rd2+ 46. Bd3
Rd1 47. e5+ Kd7 48. Ke4 Re1+ 49. Kf4 Rg1 50. Bb5+ Ke7 51. f6+ Kf8 52. Kf5 Re1
53. e6 Re3 54. Bc6 Re1 55. Be4 Rf1+ 56. Kg5 Rg1+ 57. Kh6 Rg3 58. e7+ Kf7 59.
Bg6+ Rxg6+ 60. Kh7 Rg8 0-1

[Event "4NCL Division 3"]
[Site "Daventry Court ENG"]
[Date "2015.05.03"]
[Round "10.99"]
[White "Parekh, Rajen"]
[Black "Szymanski, Mark"]
[Result "0-1"]
[WhiteElo "1703"]
[BlackElo "1900"]
[PlyCount "134"]
[EventDate "2015.05.03"]

1. e4 e5 2. Nf3 Nc6 3. Bb5 a6 4. Ba4 Nf6 5. O-O Nxe4 6. Re1 Nc5 7. Bxc6 dxc6 8.
Nxe5 Be7 9. Nc3 O-O 10. d3 Bd6 11. Nc4 Ne6 12. Nxd6 cxd6 13. Ne4 d5 14. Ng3 Qf6
15. Nh5 Qf5 16. f4 Qg6 17. Re5 f5 18. Bd2 Qf7 19. Kh1 g6 20. Ng3 Bd7 21. Ne2
Rae8 22. Ng1 c5 23. Rxd5 Bc6 24. Re5 Nd4 25. c3 Rxe5 26. fxe5 Qd5 27. Qf1 Ne6
28. Nf3 Rd8 29. Be3 Qxd3 30. Qxd3 Rxd3 31. Re1 f4 32. Bc1 Bxf3 33. gxf3 Rxf3
34. Kg2 Rd3 35. Rf1 g5 36. Kf2 Kg7 37. Rg1 Kg6 38. Re1 Kf5 39. Kg2 c4 40. Kf2
h5 41. Kg2 g4 42. Kf2 h4 43. Rf1 Rf3+ 44. Kg2 Rxf1 45. Kxf1 h3 46. Kf2 Kxe5 47.
b3 cxb3 48. axb3 Nc5 49. Ba3 Ne4+ 50. Kg1 Nxc3 51. Bc5 b5 52. b4 Ne4 53. Bb6
Nc3 54. Bc7+ Ke4 55. Kf2 Nd5 56. Bd6 Kd3 57. Bf8 Nc3 58. Kg1 Ke3 59. Bd6 Kf3
60. Bc7 g3 61. hxg3 fxg3 62. Bb6 Ne2+ 63. Kh1 g2+ 64. Kh2 g1=Q+ 65. Bxg1 Nxg1
66. Kxg1 Ke3 67. Kh1 Kd3 0-1

[Event "4NCL Division 3"]
[Site "Daventry Court ENG"]
[Date "2015.05.03"]
[Round "10.99"]
[White "George, Andrew P"]
[Black "Hamer, Martyn"]
[Result "0-1"]
[WhiteElo "2035"]
[BlackElo "2035"]
[PlyCount "60"]
[EventDate "2015.05.03"]

1. e4 Nf6 2. e5 Nd5 3. d4 d6 4. c4 Nb6 5. f4 dxe5 6. fxe5 Nc6 7. Be3 Bf5 8. Nc3
e6 9. a3 Be7 10. Nf3 O-O 11. Be2 f6 12. exf6 Bxf6 13. O-O Qd7 14. Na4 Nxa4 15.
Qxa4 Rad8 16. Rad1 Rf7 17. Qb3 Qc8 18. d5 exd5 19. cxd5 Ne5 20. Ng5 Rff8 21.
Rxf5 Qxf5 22. Ne6 Kh8 23. Nxd8 Rxd8 24. Qxb7 Qc2 25. Rd2 Qc1+ 26. Bf1 Ng4 27.
Bf4 Qc5+ 28. Kh1 Nf2+ 29. Rxf2 Qxf2 30. Qb5 Bd4 0-1

[Event "4NCL Division 3"]
[Site "Daventry Court ENG"]
[Date "2015.05.03"]
[Round "10.99"]
[White "Jaques, Andrew"]
[Black "Mercs, Peter"]
[Result "0-1"]
[WhiteElo "2042"]
[BlackElo "2077"]
[PlyCount "84"]
[EventDate "2015.05.03"]

1. e4 c5 2. Nc3 Nc6 3. f4 g6 4. Nf3 Bg7 5. Bb5 Nd4 6. O-O Nxb5 7. Nxb5 a6 8.
Nc3 d6 9. d3 Nf6 10. Qe1 b5 11. a3 Bb7 12. Rb1 d5 13. e5 Ng4 14. e6 f5 15. h3
Nf6 16. Ne5 Qb6 17. Nf7 O-O 18. Qe2 d4 19. Nd1 Rac8 20. b4 cxb4 21. Rxb4 Nd5
22. Rb1 Rc6 23. Re1 Bc8 24. Ng5 h6 25. Nf3 Qc7 26. Ne5 Rxc2 27. Qf3 Bb7 28.
Nxg6 Nc3 29. Qh5 Rxg2+ 30. Kf1 Rxg6 31. Nxc3 Qxc3 32. Qxg6 Qxd3+ 33. Kf2 Qxb1
34. Rg1 Qc2+ 35. Kg3 Rf6 36. Qe8+ Kh7 37. Kh4 Qf2+ 38. Rg3 Bd5 39. a4 Bxe6 40.
Be3 dxe3 41. a5 Qxf4+ 42. Rg4 fxg4 0-1

[Event "4NCL Division 3"]
[Site "Daventry Court ENG"]
[Date "2015.05.03"]
[Round "10.99"]
[White "Burke, Steve"]
[Black "Lyth, John.D"]
[Result "0-1"]
[WhiteElo "1935"]
[BlackElo "1960"]
[PlyCount "56"]
[EventDate "2015.05.03"]

1. e4 e5 2. Nf3 Nc6 3. d4 exd4 4. Nxd4 Qh4 5. Nc3 Bb4 6. Be2 Qxe4 7. Ndb5 Bxc3+
8. bxc3 Kd8 9. O-O a6 10. Bf3 Qg6 11. Nd4 Nge7 12. h4 h6 13. Ba3 Qf6 14. Re1 d6
15. Qe2 Bd7 16. Rab1 Re8 17. Qd2 Rb8 18. Red1 Nxd4 19. cxd4 Bc6 20. d5 Bd7 21.
Qa5 Nf5 22. Bg4 Ne3 23. Bxd7 Nxd1 24. Bxe8 Qxf2+ 25. Kh2 Qxh4+ 26. Kg1 Qf2+ 27.
Kh2 Ne3 28. Bxd6 Qxg2# 0-1

[Event "4NCL Division 3"]
[Site "Daventry Court ENG"]
[Date "2015.05.03"]
[Round "10.99"]
[White "Collins, Richard.A"]
[Black "Jarvis, Derek"]
[Result "1/2-1/2"]
[WhiteElo "1937"]
[BlackElo "1926"]
[PlyCount "105"]
[EventDate "2015.05.03"]

1. d4 d5 2. c4 c6 3. cxd5 cxd5 4. Nc3 Nf6 5. Nf3 Nc6 6. Bf4 a6 7. e3 e6 8. Bd3
Bd6 9. Bg3 O-O 10. O-O Qc7 11. Rc1 Bd7 12. Qe2 Rac8 13. a3 Qb8 14. Rfd1 Bxg3
15. hxg3 e5 16. dxe5 Nxe5 17. Bb1 Nxf3+ 18. gxf3 Be6 19. Rd4 Rc4 20. Rcd1 b5
21. Ba2 Rxd4 22. Rxd4 Qb7 23. Qd1 g6 24. Kg2 h5 25. Rf4 Bf5 26. Qd4 Qe7 27.
Bxd5 Rd8 28. e4 Nxd5 29. Nxd5 Qd6 30. exf5 Qxd5 31. Qxd5 Rxd5 32. fxg6 f5 33.
g4 hxg4 34. fxg4 fxg4 35. Rxg4 Rd2 36. b4 Rd3 37. Rg3 Rd4 38. g7 a5 39. bxa5
Ra4 40. Rb3 Kxg7 41. Kg3 Rxa5 42. f4 Kf6 43. Kg4 Ra7 44. f5 Ra4+ 45. Kf3 Kxf5
46. Rxb5+ Ke6 47. Rb3 Kd5 48. Ke2 Kc4 49. Rh3 Ra7 50. Kd2 Rg7 51. Rc3+ Kb5 52.
Kc2 Ka4 53. Rh3 1/2-1/2

[Event "4NCL Division 3"]
[Site "Daventry Court ENG"]
[Date "2015.05.03"]
[Round "10.99"]
[White "Taylor, Bob"]
[Black "Taylor, Mark"]
[Result "1-0"]
[WhiteElo "1922"]
[BlackElo "1885"]
[PlyCount "141"]
[EventDate "2015.05.03"]

1. d4 Nf6 2. Bg5 Ne4 3. Bf4 d5 4. f3 Nf6 5. Nc3 e6 6. e3 Bb4 7. Bd3 c5 8. Bb5+
Bd7 9. Bxd7+ Qxd7 10. Nge2 cxd4 11. exd4 Nc6 12. O-O O-O 13. a3 Be7 14. Qd2
Rac8 15. Nd1 Qd8 16. Kh1 Qb6 17. c3 Na5 18. Qd3 Nb3 19. Rb1 a5 20. Nf2 Nd7 21.
Nc1 a4 22. Nxb3 Qxb3 23. Ng4 Rc6 24. Rfe1 f6 25. Ne3 Bd8 26. Re2 Bb6 27. Qc2
Qb5 28. Qd2 Rfc8 29. Rbe1 Nf8 30. Ng4 Kf7 31. Nf2 Bd8 32. Nd3 Be7 33. g4 Bxa3
34. bxa3 Rxc3 35. Nc5 Rxf3 36. Kg2 Rxa3 37. Bd6 Qc4 38. Bxf8 Rxf8 39. Nxe6 Re8
40. Qf4 Ra2 41. Rxa2 Qxa2+ 42. Kg1 Rxe6 43. Qc7+ Kg6 44. Rxe6 Qa1+ 45. Kg2 Qxd4
46. Qc2+ Kf7 47. Qe2 a3 48. Re7+ Kg6 49. Qc2+ Kh6 50. Qe2 a2 51. Qxa2 Qxg4+ 52.
Kh1 Qd1+ 53. Kg2 Qg4+ 54. Kf1 Qd1+ 55. Re1 Qd3+ 56. Qe2 Qh3+ 57. Kg1 Qf5 58.
Qe3+ Kh5 59. Rf1 Qg4+ 60. Qg3 Qd4+ 61. Kg2 Qb2+ 62. Rf2 Qd4 63. Qf4 Qa1 64.
Qf5+ Kh6 65. Qxd5 Qb1 66. Qd2+ Kh5 67. Qc2 Qxc2 68. Rxc2 g5 69. Rc7 Kg6 70.
Rxb7 h5 71. Kf3 1-0

[Event "4NCL Division 3"]
[Site "Daventry Court ENG"]
[Date "2015.05.03"]
[Round "10.99"]
[White "Clissold, Julian.C"]
[Black "Graham, Neil"]
[Result "0-1"]
[WhiteElo "1892"]
[BlackElo "1856"]
[PlyCount "66"]
[EventDate "2015.05.03"]

1. d4 Nf6 2. Nf3 d5 3. e3 c5 4. c3 cxd4 5. exd4 e6 6. Bd3 Bd6 7. Nbd2 Nbd7 8.
O-O Qc7 9. Re1 b6 10. Nf1 Bb7 11. a4 a5 12. Ng3 O-O-O 13. Qe2 h6 14. c4 Kb8 15.
Bd2 Rc8 16. Rac1 dxc4 17. Rxc4 Qd8 18. Rxc8+ Qxc8 19. Rc1 Bc7 20. Bf4 Nd5 21.
Bxc7+ Nxc7 22. Ne4 Qf8 23. Ne5 Nxe5 24. dxe5 Qe7 25. Nd6 Nd5 26. Nxb7 Kxb7 27.
Ba6+ Ka7 28. Bb5 Rd8 29. Bc4 Rc8 30. b3 Nb4 31. Rd1 Rd8 32. Kf1 Nd5 33. g3 Nc3
0-1

[Event "4NCL Division 3"]
[Site "Daventry Court ENG"]
[Date "2015.05.03"]
[Round "10.99"]
[White "Edgell, Ben"]
[Black "Lemoir, David"]
[Result "1/2-1/2"]
[WhiteElo "2139"]
[BlackElo "2097"]
[PlyCount "62"]
[EventDate "2015.05.03"]

1. Nf3 Nc6 2. d4 d5 3. c4 Bg4 4. cxd5 Bxf3 5. gxf3 Qxd5 6. e3 e5 7. Nc3 Bb4 8.
Bd2 Bxc3 9. bxc3 exd4 10. cxd4 Nge7 11. Be2 O-O-O 12. Qb3 Qf5 13. Rb1 b6 14.
Bc3 Rhe8 15. e4 Qg6 16. Rd1 Qg2 17. Rf1 f6 18. Qa4 Kb8 19. d5 Ne5 20. Bxe5 fxe5
21. Rc1 Nc8 22. Rc3 Re7 23. Bb5 c5 24. dxc6 Qxh2 25. Ke2 Qh6 26. Rd1 Rxd1 27.
Qxd1 Qd6 28. Rd3 Qc5 29. Rd5 Qa3 30. Qc2 Nd6 31. Qd2 Kc7 1/2-1/2

[Event "4NCL Division 3"]
[Site "Daventry Court ENG"]
[Date "2015.05.03"]
[Round "10.99"]
[White "Scott, Gordon"]
[Black "Littlejohns, David"]
[Result "1-0"]
[WhiteElo "2090"]
[BlackElo "1983"]
[PlyCount "91"]
[EventDate "2015.05.03"]

1. d4 d5 2. c4 c6 3. Nf3 Nf6 4. Nc3 dxc4 5. a4 Bf5 6. Ne5 Nbd7 7. Nxc4 Qc7 8.
g3 e5 9. dxe5 Nxe5 10. Bf4 Nfd7 11. Bg2 f6 12. O-O Be6 13. Ne3 Rd8 14. Qc2 Bc5
15. b4 Bxe3 16. Bxe3 Nc4 17. Bf4 Nde5 18. b5 O-O 19. bxc6 bxc6 20. Ne4 Qe7 21.
Qc3 Bd5 22. Rab1 Bxe4 23. Bxe4 Rb8 24. Bxc6 Rbc8 25. Bg2 Kh8 26. Rb7 Qd6 27.
Rxa7 Rfd8 28. Rb7 Qa6 29. Qb4 Ng6 30. Bc1 Nce5 31. Qb5 Qxb5 32. Rxb5 Rc2 33.
Be3 Nc4 34. Ra1 Nxe3 35. fxe3 Ne7 36. a5 Nc8 37. a6 Rxe2 38. Rb8 Red2 39. Rxc8
Rxc8 40. a7 Rxg2+ 41. Kxg2 Ra8 42. Kf3 Kg8 43. Ke4 Kf7 44. Kd5 Ke7 45. Kc6 Kd8
46. Kb7 1-0

[Event "4NCL Division 3"]
[Site "Daventry Court ENG"]
[Date "2015.05.03"]
[Round "10.99"]
[White "Bullen, Alex"]
[Black "Myall, Ivan"]
[Result "1/2-1/2"]
[WhiteElo "2004"]
[BlackElo "2087"]
[PlyCount "73"]
[EventDate "2015.05.03"]

1. d4 Nf6 2. c4 e6 3. g3 d5 4. Nf3 c6 5. Bg2 Nbd7 6. O-O Bd6 7. Nc3 O-O 8. e4
Nxe4 9. Nxe4 dxe4 10. Ng5 Nf6 11. Nxe4 Nxe4 12. Bxe4 e5 13. dxe5 Bxe5 14. Qh5
f5 15. Bg2 Qd4 16. Re1 Bf6 17. Qe2 Qb6 18. Rb1 Bd7 19. Be3 Qc7 20. Bf4 Qc8 21.
Qd2 Be6 22. b3 Rd8 23. Qe2 Bf7 24. Red1 Qe6 25. Qxe6 Bxe6 26. Bc7 Rxd1+ 27.
Rxd1 Rc8 28. Ba5 Kf7 29. f4 h6 30. Be1 Rd8 31. Rxd8 Bxd8 32. Bf2 Bb6 33. Bxb6
axb6 34. Kf2 Ke7 35. Ke3 Kd6 36. Kd4 Bd7 37. Kc3 1/2-1/2

[Event "4NCL Division 3"]
[Site "Daventry Court ENG"]
[Date "2015.05.03"]
[Round "10.99"]
[White "Wallis, Ian"]
[Black "Gregory, Andrew M"]
[Result "1-0"]
[WhiteElo "2072"]
[BlackElo "1988"]
[PlyCount "45"]
[EventDate "2015.05.03"]

1. e4 d6 2. d4 Nf6 3. Nc3 c6 4. f4 b5 5. Bd3 b4 6. Nce2 Ba6 7. Nf3 e6 8. O-O
Be7 9. e5 dxe5 10. fxe5 Nd5 11. Bxa6 Nxa6 12. Ng3 O-O 13. Qd3 Nac7 14. Ne4 f5
15. exf6 Nxf6 16. Bf4 Ncd5 17. Be5 Ng4 18. Bg3 Rc8 19. Rae1 c5 20. dxc5 Bxc5+
21. Nxc5 Rxc5 22. Rxe6 Nf4 23. Qxd8 1-0

[Event "4NCL Division 3"]
[Site "Daventry Court ENG"]
[Date "2015.05.03"]
[Round "10.99"]
[White "Carpenter, Dai"]
[Black "Fogg, Martin"]
[Result "1-0"]
[WhiteElo "1935"]
[BlackElo "1927"]
[PlyCount "111"]
[EventDate "2015.05.03"]

1. Nf3 c5 2. g3 g6 3. Bg2 Bg7 4. O-O d5 5. d3 Nf6 6. Nbd2 O-O 7. e4 dxe4 8.
dxe4 Nc6 9. c3 Bg4 10. h3 Bxf3 11. Qxf3 Ne5 12. Qe3 Rc8 13. f4 Qd3 14. Nb3
Qxe3+ 15. Bxe3 Nd3 16. e5 Nd7 17. Bxb7 Rc7 18. Ba6 Nxb2 19. Bb5 c4 20. Nd2 Rb8
21. a4 Nc5 22. Bxc5 Rxc5 23. Rab1 Nd3 24. Bxc4 Rd8 25. Rf3 Ne1 26. Rxe1 Rxd2
27. Bb5 e6 28. Ree3 Bf8 29. Rd3 Rd5 30. Rxd5 Rxd5 31. Kf2 Bc5+ 32. Ke2 Kf8 33.
g4 Ke7 34. h4 f6 35. Bc4 Rd7 36. f5 exf5 37. gxf5 gxf5 38. e6 Rb7 39. Rxf5 Bd6
40. Rh5 Kf8 41. Bd3 Kg8 42. Rd5 Be7 43. h5 Rb6 44. Bf5 Rd6 45. Rb5 Rb6 46. Kd3
h6 47. Rxb6 axb6 48. Kc4 Kf8 49. Kb5 Bd8 50. Kc6 Ke8 51. Bh3 Kf8 52. Kd7 Be7
53. Bf5 Bc5 54. c4 Bb4 55. Kc6 Ba5 56. Kb5 1-0

[Event "4NCL Division 3"]
[Site "Daventry Court ENG"]
[Date "2015.05.03"]
[Round "10.99"]
[White "Cook, Michael"]
[Black "Taylor, Will"]
[Result "1/2-1/2"]
[WhiteElo "1976"]
[BlackElo "1977"]
[PlyCount "123"]
[EventDate "2015.05.03"]

1. d4 Nf6 2. Nf3 g6 3. Nc3 d5 4. Bf4 Bg7 5. e3 O-O 6. Be2 c5 7. Ne5 Nc6 8. O-O
cxd4 9. exd4 Qb6 10. Nxc6 Qxc6 11. Bb5 Qb6 12. a4 Qa5 13. Re1 a6 14. Be2 Bf5
15. Bf3 Rfd8 16. Ra3 Ne4 17. Ne2 Rac8 18. c3 f6 19. Ng3 e5 20. dxe5 fxe5 21.
Bxe4 dxe4 22. Qb3+ Qd5 23. Bg5 Qxb3 24. Rxb3 Rd7 25. h3 Rc4 26. Ra3 Rd5 27. Nf1
Rd3 28. Nd2 Rc6 29. a5 h6 30. Be3 g5 31. Ra4 Rd5 32. c4 Rd3 33. c5 Bf8 34. Nxe4
Bxe4 35. Rxe4 Bxc5 36. Rxe5 Bxe3 37. R5xe3 Rxe3 38. Rxe3 Rc5 39. Rb3 Rxa5 40.
Rxb7 Ra1+ 41. Kh2 Rb1 42. Kg3 a5 43. Kg4 a4 44. Rb4 Kg7 45. Kh5 Rg1 46. g3 Rf1
47. Rxa4 Rxf2 48. b4 Rf3 49. Ra7+ Kf6 50. Kg4 Rb3 51. Ra6+ Kg7 52. Rb6 Rc3 53.
b5 Rc4+ 54. Kh5 Rc3 55. Rg6+ Kf7 56. Rxh6 Rxg3 57. b6 Rxh3+ 58. Kxg5 Rb3 59.
Kf5 Ke7 60. Ke5 Kd7 61. Kd5 Kc8 62. Kc6 1/2-1/2

[Event "4NCL Division 3"]
[Site "Daventry Court ENG"]
[Date "2015.05.03"]
[Round "10.99"]
[White "Jones, Christopher M"]
[Black "McDonagh, Michael"]
[Result "1-0"]
[WhiteElo "2093"]
[BlackElo "1997"]
[PlyCount "59"]
[EventDate "2015.05.03"]

1. e4 e6 2. c4 d5 3. cxd5 exd5 4. exd5 Nf6 5. Nc3 Be7 6. Nf3 O-O 7. Be2 Nbd7 8.
d4 Nb6 9. O-O Nbxd5 10. Ne5 c6 11. Bg5 Re8 12. Re1 Be6 13. Bd3 Qb6 14. Na4 Qa5
15. a3 Rad8 16. Rc1 a6 17. b4 Qc7 18. Nc5 Bc8 19. Bc4 Bf5 20. Qf3 Bg6 21. Qb3
Rf8 22. Nxg6 hxg6 23. Rcd1 Rd6 24. Bh4 Qc8 25. Bxd5 g5 26. Bxf7+ Rxf7 27. Rxe7
Nd5 28. Rxf7 Kxf7 29. Bg3 Rf6 30. Ne4 1-0

[Event "4NCL Division 3"]
[Site "Daventry Court ENG"]
[Date "2015.05.03"]
[Round "10.99"]
[White "Johnson, Michael D"]
[Black "Compton, Alistair"]
[Result "1/2-1/2"]
[WhiteElo "2030"]
[BlackElo "2076"]
[PlyCount "63"]
[EventDate "2015.05.03"]

1. Nf3 d5 2. g3 c5 3. Bg2 Nf6 4. O-O Nc6 5. d4 e6 6. c4 Be7 7. Nc3 O-O 8. cxd5
exd5 9. dxc5 Bxc5 10. Bg5 d4 11. Bxf6 Qxf6 12. Ne4 Qe7 13. Nxc5 Qxc5 14. Rc1
Qb6 15. Qc2 h6 16. Rfd1 Be6 17. b3 Rad8 18. Qc5 Qa6 19. Rd2 Rd5 20. Qc2 Qa3 21.
Qb2 Qxb2 22. Rxb2 Rd7 23. Rd2 Rfd8 24. Rcd1 g5 25. Ne1 Bf5 26. Bxc6 bxc6 27.
Rc1 Rd6 28. Rc5 Bg6 29. Rc4 Bf5 30. Rc5 Bg6 31. Rc4 Bf5 32. Rc5 1/2-1/2